000 00614nam a2200229Ia 4500
005 20250326144003.0
008 250326s9999 xx 000 0 und d
020 _a978-0-19-569165-8
037 _aTextbook
040 _aFMSL
_beng
_cFMSL
041 _aeng
_2eng
084 _aR44 P7
_qFMSL
100 _aCrane A
_9742819
245 0 _aBusiness ethics
_cCrane A; Matten D
250 _a2
260 _aNew Delhi
_bNew Delhi, Oxford University
_c2007
300 _axxiii,566.
365 _b350
650 _aBusiness communication
_9431686
942 _cTB
_hR44 P7
999 _c1301907
_d1301907